PLUMBING INSTALLATION AND DESIGN (Record no. 22003)

MARC details
000 -LEADER
fixed length control field 00455nam a22001697a 4500
003 - CONTROL NUMBER IDENTIFIER
control field OSt
005 - DATE AND TIME OF LATEST TRANSACTION
control field 20211209101242.0
008 - FIXED-LENGTH DATA ELEMENTS--GENERAL INFORMATION
fixed length control field 211209b |||||||| |||| 00| 0 eng d
020 ## - INTERNATIONAL STANDARD BOOK NUMBER
International Standard Book Number 0-8269-0600-1
040 ## - CATALOGING SOURCE
Transcribing agency HAWASSA UNIVERSITY
050 ## - LIBRARY OF CONGRESS CALL NUMBER
Classification number 696.1/RIP
Item number 1
082 ## - DEWEY DECIMAL CLASSIFICATION NUMBER
Classification number 696.1/RIP
Item number 1
100 ## - MAIN ENTRY--PERSONAL NAME
Personal name RIPKA V. L.
Fuller form of name RIPKA V.L.
9 (RLIN) 22332
245 ## - TITLE STATEMENT
Title PLUMBING INSTALLATION AND DESIGN
260 ## - PUBLICATION, DISTRIBUTION, ETC.
Place of publication, distribution, etc. AMERICAN
Name of publisher, distributor, etc. AMERICAN TECHNICAL
Date of publication, distribution, etc. 1978
942 ## - ADDED ENTRY ELEMENTS (KOHA)
Source of classification or shelving scheme Dewey Decimal Classification
Koha item type Books like text book referance book
Suppress in OPAC No
Holdings
Withdrawn status Lost status Source of classification or shelving scheme Damaged status Not for loan Home library Current library Date acquired Full call number Barcode Date last seen Copy number Price effective from Koha item type Total Checkouts
    Dewey Decimal Classification     College of Agriculture Library College of Agriculture Library 12/09/2021 696.1/RIP ALIB0005725 12/09/2021 1 12/09/2021 Books like text book referance book  
    Dewey Decimal Classification     College of Agriculture Library College of Agriculture Library 12/09/2021 696.1/RIP ALIB0005726 12/09/2021 2 12/09/2021 Books like text book referance book